Breaking the cycle (Record no. 71551)

MARC details
000 -LEADER
fixed length control field 01269cam a2200217 4500
001 - CONTROL NUMBER
control field ABS66146
008 - FIXED-LENGTH DATA ELEMENTS--GENERAL INFORMATION
fixed length control field 021112n2002 000 0 eng u
035 ## - SYSTEM CONTROL NUMBER
System control number (Sirsi) u120431
100 ## - MAIN ENTRY--PERSONAL NAME
Personal name Hamson, L.
245 ## - TITLE STATEMENT
Title Breaking the cycle
260 ## - PUBLICATION, DISTRIBUTION, ETC.
Date of publication, distribution, etc. 2002
490 ## - SERIES STATEMENT
Series statement Property Week
Volume/sequential designation 67 (4) 18 October 2002, 41-43(3)
520 ## - SUMMARY, ETC.
Summary, etc. Examines the case for sustainable development in the context of a report published by the British Council for Offices, "Sustainability starts in the boardroom", which presents the latest picture of the property industry's attitude towards sustainable, energy-effiecient development. The latest Building Regulations (Part L) are making high demands on developers to rethink energy consumption in buildings but the government is also giving encouragement in the form of tax breaks. Argues there is a growing acceptance amongst companies that something needs to be done about the issue and indeed the majority of respondents to the report say they undertake some sort of energy consumption monitoring.
590 ## - LOCAL NOTE (RLIN)
Local note ABS
650 ## - SUBJECT ADDED ENTRY--TOPICAL TERM
Topical term or geographic name entry element SUSTAINABLE DEVELOPMENT
650 ## - SUBJECT ADDED ENTRY--TOPICAL TERM
Topical term or geographic name entry element COMMERCIAL DEVELOPMENT
650 ## - SUBJECT ADDED ENTRY--TOPICAL TERM
Topical term or geographic name entry element BUDGETING
650 ## - SUBJECT ADDED ENTRY--TOPICAL TERM
Topical term or geographic name entry element ARCHITECTS
690 ## - LOCAL SUBJECT ADDED ENTRY--TOPICAL TERM (OCLC, RLIN)
Topical term or geographic name as entry element ENVIRONMENTAL AND LAND CONSULTANCY-ENVIRONMENTAL MANAGEMENT
942 ## - ADDED ENTRY ELEMENTS (KOHA)
Suppress in OPAC 0
Holdings
Withdrawn status Lost status Source of classification or shelving scheme Damaged status Not for loan Home library Current library Shelving location Date acquired Total Checkouts Full call number Barcode Date last seen Copy number Price effective from Koha item type
    Dewey Decimal Classification     London London Journal article 12/11/2002   ABS66146 120431-1001 06/08/2019 1 06/08/2019 Journal article